A guide to the convention on biological diversity (Registro nro. 717)

Detalles MARC
000 -CABECERA
Campo de control 01275nam a2200397 a 4500
005 - FECHA Y HORA DE LA ULTIMA TRANSACCION
Campo de control 20200104041514.0
008 - ELEMENTOS DE LONGITUD FIJA—INFORMACION GENERAL
Campo de control 140221s1996 sz fr|||| 001 0 eng d
020 ## - ISBN
ISBN 2831702224
040 ## - FUENTE DE CATALOGACIÓN
Agencia catalogadora original CO-BoIAVH
Agencia transcriptora CO-BoIAVH
041 0# - IDIOMA
Código de idioma para texto/pista de sonido o título separado Inglés
044 ## - PAÍS DE PUBLICACIÓN
País de publicación Colombia
082 04 - NUMERO DE CLASIFICACION DECIMAL DEWEY
Número de clasificación 333.95
Número del ítem G56g
100 1# - ASIENTO PRINCIPAL--NOMBRE PERSONAL
Nombre personal Glowka, Lyle
9 (RLIN) 8849
245 12 - MENCION DE TITULO
Título A guide to the convention on biological diversity
260 ## - PUBLICACION, DISTRIBUCION, ETC. (PIE DE IMPRENTA)
Lugar de publicación, distribución, etc. Gland :
Nombre del editor, distribuidor, etc. IUCN,
Fecha de publicación, distribución, etc. 1996.
300 ## - DESCRIPCION FISICA
Extensión 161 páginas ;
Dimensiones 30 x 21 cm.
500 ## - NOTA GENERAL
Nota general Incluye índice.
504 ## - NOTA DE BIBLIOGRAFIA, ETC.
Nota de bibliografía Incluye referencias bibliográficas: páginas 143-148.
650 16 - ASIENTO SECUNDARIO DE MATERIA - TERMINO TEMATICO
Término temático o nombre geográfico como elemento de entrada Biodiversidad
9 (RLIN) 92204
650 26 - ASIENTO SECUNDARIO DE MATERIA - TERMINO TEMATICO
Término temático o nombre geográfico como elemento de entrada Convenio sobre diversidad biológica
9 (RLIN) 3261
650 26 - ASIENTO SECUNDARIO DE MATERIA - TERMINO TEMATICO
Término temático o nombre geográfico como elemento de entrada Impacto ambiental
9 (RLIN) 62799
650 26 - ASIENTO SECUNDARIO DE MATERIA - TERMINO TEMATICO
Término temático o nombre geográfico como elemento de entrada Biotecnología
9 (RLIN) 62800
650 26 - ASIENTO SECUNDARIO DE MATERIA - TERMINO TEMATICO
Término temático o nombre geográfico como elemento de entrada Apoyo institucional
9 (RLIN) 7678
650 26 - ASIENTO SECUNDARIO DE MATERIA - TERMINO TEMATICO
Término temático o nombre geográfico como elemento de entrada Ecología de ecosistemas
9 (RLIN) 3654
650 26 - ASIENTO SECUNDARIO DE MATERIA - TERMINO TEMATICO
Término temático o nombre geográfico como elemento de entrada Diversidad genética
9 (RLIN) 2003
650 26 - ASIENTO SECUNDARIO DE MATERIA - TERMINO TEMATICO
Término temático o nombre geográfico como elemento de entrada Manejo sostenible
9 (RLIN) 62802
650 26 - ASIENTO SECUNDARIO DE MATERIA - TERMINO TEMATICO
Término temático o nombre geográfico como elemento de entrada Conservación in situ
9 (RLIN) 3264
650 26 - ASIENTO SECUNDARIO DE MATERIA - TERMINO TEMATICO
Término temático o nombre geográfico como elemento de entrada Conservación ex situ
9 (RLIN) 4301
650 26 - ASIENTO SECUNDARIO DE MATERIA - TERMINO TEMATICO
Término temático o nombre geográfico como elemento de entrada Educación ambiental
9 (RLIN) 162
650 26 - ASIENTO SECUNDARIO DE MATERIA - TERMINO TEMATICO
Término temático o nombre geográfico como elemento de entrada Acceso a recursos genéticos
9 (RLIN) 62805
700 1# - ASIENTO SECUNDARIO - NOMBRE PERSONAL
Nombre personal Synge, Hugh
9 (RLIN) 8854
700 1# - ASIENTO SECUNDARIO - NOMBRE PERSONAL
Nombre personal Burhenne Guilmin, Francoise
9 (RLIN) 8855
700 1# - ASIENTO SECUNDARIO - NOMBRE PERSONAL
Nombre personal Gündling, Lothar
9 (RLIN) 8856
700 1# - ASIENTO SECUNDARIO - NOMBRE PERSONAL
9 (RLIN) 89
Nombre personal McNeely, Jeffrey A.
942 ## - ELEMENTOS ADICIONALES (KOHA)
Tipo de ítem Libro
Sistema de clasificación Dewey Decimal Classification
Existencias
Withdrawn status Lost status Sistema de Clasificación Damaged status No para préstamo Colección Inventariado Ubicación Permanente Ubicación actual Fecha de adquisición Fuente de Valor Valor Total Checkouts Número topográfico Inventario / Código de Barras Date last seen Ejemplar Price effective from Forma de adquisición Tipo de material
    Dewey Decimal Classification     General Inventariado 2017 Bogotá Bogotá 11/12/2002 Instituto 39000.00   LB-333.95 G56g 001012 04/12/2012 Ej. 1 04/12/2012   Libro
    Dewey Decimal Classification     General Inventariado 2017 Sala Fabio Quevedo Sala Fabio Quevedo 07/09/1998 Instituto 39000.00   LB-333.95 G56g 001011 04/12/2012 Ej. 2 04/12/2012 Donación Libro